000 00569nam a22001937a 4500
005 20240403113046.0
010 _aENG-140023
020 _a9789350451984
_c250.00
035 _aEN-123555
037 _bDBAD
082 _a881
100 _aCoste, Didier
_964251
245 _aIndian Poems /
_cby Didier Coste ; foreworded by Rukmini Bhaya Nair
260 _aKolkata
_bWriters Workshop
_c2019
270 _aC-532, Lake Garden
_bKolkata
_e700045
300 _a64p.
_c22(Pb)
700 _aNair,Rukmini Bhaya
_964252
942 _2ddc
_cEN
_h881
_mCOS
999 _c201912
_d201912